[Event "DSOL 06 Liga Gr-A 1st"]
[Site "Playchess.com INT"]
[Date "2020.07.21"]
[Round "3.4"]
[White "Gaiser, Siegfried"]
[Black "Zhou, Leyi Charlotte"]
[Result "1-0"]
[WhiteElo "1000"]
[BlackElo "1131"]
[PlyCount "65"]
[EventDate "2020.06.22"]
[EventType "team-tourn (rapid)"]
[EventCountry "GER"]
[SourceTitle "EXT 2021"]
[Source "ChessBase"]
[SourceDate "2020.10.23"]
[SourceVersion "1"]
[SourceVersionDate "2020.10.23"]
[SourceQuality "1"]
[WhiteTeam "Friedrichshagen"]
[BlackTeam "Weisse Dame II"]
[WhiteTeamCountry "GER"]
[BlackTeamCountry "GER"]

1. d4 d5 2. c4 dxc4 3. e3 Nf6 4. Bxc4 Bf5 5. Qb3 e6 6. Qxb7 Nbd7 7. Nd2 Be7 8. Qb3 0-0 9. a3 Rb8 10. Qd1 Nb6 11. Ba2 c5 12. Ne2 Qc7 13. 0-0 Rfd8 14. Qe1 e5 15. dxe5 Qxe5 16. Nf3 Qc7 17. Nf4 Rd7 18. Bd2 Rbd8 19. b4 Ne4 20. bxc5 Qxc5 21. Bb4 Qc6 22. Nd4 Qf6 23. Nxf5 Qxf5 24. Bb3 Bxb4 25. Qxb4 Nd2 26. Rfc1 Nxb3 27. Qxb3 Nd5 28. Nxd5 Rxd5 29. Rd1 Rd2 30. Rxd2 Rxd2 31. Qb8+ Qc8 32. Qxc8+ Rd8 33. Qxd8# 1-0